Highest Peak by Range - Statistics

General Stats
  • This quiz has been taken 592 times
    523 since last reset
  • The average score is 7 of 19
Answer Stats
Range Elevation Peak % Correct
Himalaya 8,848 m Everest
99%
Alps 4,808 m Mont Blanc
88%
Alaska Range 6,201 m Denali
80%
Caucasus 5,642 m Elbrus
67%
Andes 6,960 m Aconcagua
63%
Hawaiian Islands 4,207 m Mauna Kea
57%
Eastern Rift Mountains 5,895 m Kilimanjaro
50%
Armenian Highlands 5,137 m Ararat
43%
Southern Alps 3,724 m Aoraki
38%
Grampian Mountains 1,344 m Ben Nevis
28%
Rocky Mountains 4,401 m Elbert
18%
Trans-Mexican Volcanic Belt 5,426 m Popocatépetl
10%
Atlas Mountains 4,167 m Toubkal
9%
Pyrenees 3,404 m Aneto
8%
Apennines 2,912 m Corno Grande
8%
Snowy Mountains 2,228 m Kosciuszko
8%
Sentinel Range 4,892 m Vinson
7%
Sinai Peninsula 2,629 m Catherine
6%
Scandes 2,469 m Galdhøpiggen
5%
No matching quizzes found
Score Distribution
Percent of People with Each Score
Percentile by Number Answered
Your Score History
You have not taken this quiz since the last reset